000 00273nam a22001337a 4500
008 170807b xxu||||| |||| 00| 0 eng d
020 _a9781565922068
041 _aeng
080 _a004
100 _a34
101 _aSHK
245 _aJAVA
_cFARLEY,J
942 _2udc
_cBK
999 _c22842
_d22842